Canada : Selected Issues.

This paper documents two aspects of Canada's regional diversity and compares the results with those across U.S. regions. Although gradually converging, Canadian provinces exhibit a considerably diverse economic structure. The paper suggests that the reduction in macroeconomic volatility in Cana...

Descripció completa

Dades bibliogràfiques
Autor corporatiu: International Monetary Fund
Format: Revista
Idioma:English
Publicat: Washington, D.C. : International Monetary Fund, 2006.
Col·lecció:IMF Staff Country Reports; Country Report ; No. 2006/229
Accés en línia:Full text available on IMF
LEADER 01629cas a2200241 a 4500
001 AALejournalIMF004271
008 230101c9999 xx r poo 0 0eng d
020 |c 5.00 USD 
020 |z 9781451807004 
022 |a 1934-7685 
040 |a BD-DhAAL  |c BD-DhAAL 
110 2 |a International Monetary Fund. 
245 1 0 |a Canada :   |b Selected Issues. 
264 1 |a Washington, D.C. :  |b International Monetary Fund,  |c 2006. 
300 |a 1 online resource (24 pages) 
490 1 |a IMF Staff Country Reports 
500 |a <strong>Off-Campus Access:</strong> No User ID or Password Required 
500 |a <strong>On-Campus Access:</strong> No User ID or Password Required 
506 |a Electronic access restricted to authorized BRAC University faculty, staff and students 
520 3 |a This paper documents two aspects of Canada's regional diversity and compares the results with those across U.S. regions. Although gradually converging, Canadian provinces exhibit a considerably diverse economic structure. The paper suggests that the reduction in macroeconomic volatility in Canada after the introduction of inflation targeting is largely attributable to the reaction of the private sector to the establishment of a credible monetary policy framework. Reduction in personal income taxation provides considerably larger efficiency gains than a reduction in the effective Goods and Services Tax (GST). 
538 |a Mode of access: Internet 
830 0 |a IMF Staff Country Reports; Country Report ;  |v No. 2006/229 
856 4 0 |z Full text available on IMF  |u http://elibrary.imf.org/view/journals/002/2006/229/002.2006.issue-229-en.xml  |z IMF e-Library